| 000 | 01353nam a2200289 i 4500 | ||
|---|---|---|---|
| 003 | DO-SdBNP | ||
| 005 | 20241017122423.0 | ||
| 007 | ta | ||
| 008 | 091207s1950 dr r 000 0 spa d | ||
| 040 |
_aDO-SdBNP _bspa _cBNPHU _erda |
||
| 082 | 4 |
_a304.607293 _bR426re, 1950 _222 |
|
| 110 | 1 |
_aRepública Dominicana. _bDirección General de Estadística _932043 |
|
| 245 | 1 | 0 | _a[Resultado preliminar] del Tercer censo nacional de población 1950 |
| 264 | 4 |
_aCiudad Trujillo, República Dominicana : _bDirección General de Estadística, _c1950. |
|
| 300 |
_a9 páginas ; _b _c28 cm. |
||
| 336 |
_atexto _btxt _2rdacontent |
||
| 337 |
_asin mediación _bn _2rdamedia |
||
| 338 |
_avolumen _bnc _2rdacarrier |
||
| 440 | _a | ||
| 590 | _aInventariado, 2024/BT | ||
| 651 | 7 |
_aRepública Dominicana _xCensos _92322 _y1950 _2LEMB |
|
| 651 | 7 |
_aSan Cristóbal (República Dominicana) _xPoblación _932044 _vEstadísticas _y1950 _2LEMB |
|
| 651 | 7 |
_aRepública Dominicana _xPoblación _92321 _vEstadísticas _y1950 _2LEMB |
|
| 651 | 7 |
_aRepública Dominicana _xEstadística vital _932045 _2LEMB |
|
| 910 | _aBtavárez/Validado. Control de calidad MFF | ||
| 942 |
_2ddc _cLBS1 |
||
| 999 |
_c57881 _d57881 |
||